00529 a2200157 4500000002100000001000700021005001700028008004100045082002200086100006000108245010600168260002800274300001000302700002800312700003100340BKB 07042320200902150828.0  a382.7109172bT67T1 aTrade growth and inequality in the era of globalization1 aTrade growth and inequality in the era of globalizationcedited by Kishor Sharma and Oliver Morrissey aLondonbRoutledgec2006 a280p. aSharma, Kishor, ed.bc aMorrissey, Oliver, ed.bc